Tratado de Derecho comparado
Shranjeno v:
| Glavni avtor: | |
|---|---|
| Format: | Knjiga |
| Jezik: | španščina |
| Izdano: |
Valparaíso, Chile
Universitarias
1987
|
| Izdaja: | Primera edición |
| Serija: | Jurídica. Serie Mayor
|
| Teme: | |
| Oznake: |
Označite
Brez oznak, prvi označite!
|
MARC
| LEADER | 00000nam a2200000 a 4500 | ||
|---|---|---|---|
| 001 | UCV2217 | ||
| 003 | CL-VaPUC | ||
| 005 | 20220830074156.0 | ||
| 008 | 920309e19870000CL |||||||||||||||||spa|d | ||
| 999 | |c 209876 |d 209874 | ||
| 040 | |c Pontificia Universidad Católica de Valparaíso | ||
| 082 | 0 | 4 | |a 340 CON 1987 |2 21 |
| 100 | |a Constantinesco, Léontin-Jean |9 296495 | ||
| 245 | 1 | 0 | |a Tratado de Derecho comparado |
| 250 | |a Primera edición | ||
| 260 | 0 | 3 | |a Valparaíso, Chile |b Universitarias |c 1987 |
| 300 | |a volumen | ||
| 490 | 0 | |a Jurídica. Serie Mayor | |
| 500 | |a Traducido del alemán por Enrique Aimone Gibson. | ||
| 583 | |a last modification |c 20120606 03:11:34 |k Rodrigo Vera | ||
| 650 | 0 | |a Derecho comparado |9 255664 | |
| 650 | 0 | |a Académicos |x Pontificia Universidad Católica de Valparaíso (PUCV) |9 255553 | |
| 650 | 0 | |a Archivo histórico PUCV |9 255554 | |
| 942 | |c BK |2 ddc | ||
| 945 | |d 19920309 00:00:00 | ||
| 952 | |0 0 |1 0 |2 ddc |4 0 |6 340_000000000000000_CON_1987 |7 0 |8 A |9 185710 |a BIBDER |b BIBDER |d 2019-11-14 |h v.2 |i 2531542 |o 340 CON 1987 |p 2531542 |r 2023-01-25 |t 1 |w 2019-11-14 |y BK |k DER | ||
| 952 | |0 0 |1 0 |2 ddc |4 0 |6 340_000000000000000_CON_1987 |7 0 |8 A |9 185711 |a BIBDER |b BIBDER |d 2019-11-14 |h v.2 |i 2007606 |o 340 CON 1987 |p 2007606 |r 2023-01-25 |t 2 |w 2019-11-14 |y BK |k DER | ||
| 952 | |0 0 |1 0 |2 ddc |4 0 |6 340_000000000000000_CON_1987 |7 0 |8 X |9 185712 |a FDOBUD |b FDOBUD |d 2019-11-14 |h v.2 |i 1024094 |o 340 CON 1987 |p 1024094 |r 2019-11-14 |t 3 |w 2019-11-14 |y BK_X |k FHP | ||
| 952 | |0 0 |1 0 |2 ddc |4 0 |6 340_000000000000000_CON_1987 |7 0 |8 X |9 185713 |a FDOBUD |b FDOBUD |d 2019-11-14 |h v.2 |i 4566610 |o 340 CON 1987 |p 4566610 |r 2019-11-14 |t 4 |w 2019-11-14 |y BK_X |k FHP | ||